Statystyki dla Głowy państw w Europie

Kliknij tutaj aby rozwiązać quiz!

Ogólne statystyki

  • Ten quiz został rozwiązany 51 razy
  • Średni wynik to 7 z 48

Statystyki odpowiedzi

PaństwoOdpowiedź% Poprawnych
PolskaAndrzej Duda
89%
RosjaWładimir Putin
76%
FrancjaEmmanuel Macron
58%
BiałoruśAlaksandr Łukaszenka
42%
Wielka BrytaniaElżbieta II
40%
WatykanFranciszek
38%
BelgiaFilip I
29%
TurcjaTayyip Erdoğan
29%
DaniaMałgorzata II
24%
Ukraina (marzec 2019)Petro Poroszenko
22%
AustriaAlexander Van der Bellen
18%
NiemcyFrank-Walter Steinmeier
18%
CzechyMiloš Zeman
18%
IrlandiaMichael D. Higgins
16%
MonakoAlbert II
13%
HiszpaniaFilip VI Burbon
13%
WłochySergio Mattarella
13%
HolandiaWilhelm Aleksander
13%
NorwegiaHarald V
11%
KazachstanKasym-Żomart Tokajew
11%
BułgariaRumen Radew
11%
IslandiaGuðni Th. Jóhannesson
9%
MołdawiaIgor Dodon
9%
SzwecjaKarol XVI Gustaw
9%
RumuniaKlaus Iohannis
9%
CyprNikos Anastasiadis
9%
FinlandiaSauli Niinistö
9%
SerbiaAleksandar Vučić
7%
LuksemburgHenri
7%
WęgryJános Áder
7%
PortugaliaMarcelo Rebelo de Sousa
7%
SłoweniaBorut Pahor
4%
AndoraEmmanuel Macron, Joan Enric Vives Sicília
4%
LiechtensteinJan Adam II
4%
ChorwacjaKolinda Grabar-Kitarović
2%
SłowacjaAndrej Kiska
0%
Bośnia i HercegowinaBakir Izetbegović, Dragan Čović, Mladen Ivanić
0%
LitwaDalia Grybauskaitė
0%
SzwajcariaDoris Leuthard, Ueli Maurer, Didier Burkhalter, Simonetta Sommaruga, Johann Schneider-Ammann, Alain Berset, Guy Parmelin
0%
CzarnogóraFilip Vujanović
0%
GruzjaGiorgi Margwelaszwili
0%
KosowoHashim Thaçi
0%
EstoniaKersti Kaljulaid
0%
MaltaMarie-Louise Coleiro Preca
0%
San MarinoMatteo Fiorini, Enrico Carattoni
0%
Macedonia PółnocnaǴorge Iwanow
0%
GrecjaProkopis Pavlopoulos
0%
ŁotwaRaimonds Vējonis
0%

Rozkład punktacji

Percentyl według liczby udzielonych odpowiedzi

Procent ludzi z każdym wynikiem

Twoja historia wyników

Nie rozwiązałeś tego quizu